| 000 | 00385nam a2200145Ia 4500 | ||
|---|---|---|---|
| 008 | 240624s9999 xx 000 0 und d | ||
| 041 | _aeng | ||
| 082 | _a340 SUT | ||
| 100 | _aSUTHERLAND EDWIN H | ||
| 245 | _aPRINCIPLES OF CRIMINOLOGY | ||
| 250 | _a(11th ed.) | ||
| 260 |
_c2013 _aNew Delhi _bUniversal Law Publishing Co. |
||
| 300 | _aviii, : 696 : p. : cm. ; 26 | ||
| 365 |
_cRS _b15 |
||
| 999 |
_c23944 _d23944 |
||